000 00710cam a22002413a 4500
001 27245
003 PGUSA
005 20140828083605.0
008 081112s2008||||xxu|||||s|||||000 | eng d
040 _aPGUSA
_beng
042 _adc
050 4 _aTX
100 1 _aRoper, Dora C. C. L.
_q(Dora Cathrine Cristine Liebel),
_d1873-
245 1 0 _aFood for the Traveler :
_bWhat to Eat and Why
_h[electronic resource] /
_cDora C. C. L. Roper
260 _bProject Gutenberg,
_c2008
506 _aPublic domain in the USA.
516 _aElectronic text
653 _aCooking, American
653 _aMenus
830 0 _aProject Gutenberg
_v27245
856 4 0 _uhttp://www.gutenberg.org/ebooks/27245
942 _cEB
999 _c256500
_d256500